[Event "Las Vegas Millionaire op"]
[Site "Las Vegas"]
[Date "2015.10.10"]
[Round "5"]
[White "Johnson, Leonard J"]
[Black "Quintiliano Pinto, Renato Rodrigues"]
[Result "0-1"]
[WhiteElo "2297"]
[BlackElo "2443"]
[PlyCount "96"]
[EventDate "2015.10.08"]
[EventType "swiss"]
[EventRounds "9"]
[EventCountry "USA"]
[SourceTitle "CBM 168 Extra"]
[Source "ChessBase"]
[SourceDate "2015.10.29"]
[SourceVersion "1"]
[SourceVersionDate "2015.10.29"]
[SourceQuality "1"]

1. d4 d5 2. Bf4 Nf6 3. e3 e6 4. Nf3 c5 5. c3 Nc6 6. Nbd2 Be7 7. Ne5 0-0 8. Bd3 Nd7 9. Qh5 g6 10. Qh6 Bf6 11. Ndf3 Bg7 12. Qh3 Ndxe5 13. dxe5 f6 14. Qg3 b6 15. h4 fxe5 16. Nxe5 Nxe5 17. Bxe5 Bxe5 18. Qxe5 Qf6 19. Qxf6 Rxf6 20. e4 Bb7 21. e5 Rf7 22. h5 Kg7 23. Rh3 gxh5 24. Rxh5 h6 25. Ke2 Raf8 26. f3 c4 27. Bc2 d4 28. cxd4 Rxf3 29. gxf3 Bxf3+ 30. Kd2 Bxh5 31. Rg1+ Kh8 32. Rh1 Rf2+ 33. Kc3 Bf7 34. Rxh6+ Kg7 35. Rh7+ Kg8 36. Rh1 b5 37. Be4 a5 38. Rg1+ Kf8 39. Rg2 Rf4 40. Re2 Bh5 41. Re3 Rf1 42. Bc6 Rc1+ 43. Kd2 Rb1 44. b3 cxb3 45. axb3 b4 46. Kc2 Rf1 47. Rg3 Kf7 48. Be4 Re1 0-1

[Event "Minneapolis-ch MN"]
[Site "Minneapolis"]
[Date "2014.03.15"]
[Round "3"]
[White "Johnson, Leonard J"]
[Black "Kleist, Justin S"]
[Result "1-0"]
[WhiteElo "2323"]
[BlackElo "2070"]
[PlyCount "107"]
[EventDate "2014.03.14"]
[EventType "tourn"]
[EventRounds "5"]
[EventCountry "USA"]
[SourceTitle "EXT 2016"]
[Source "ChessBase"]
[SourceDate "2015.10.08"]
[SourceVersion "1"]
[SourceVersionDate "2015.10.08"]
[SourceQuality "1"]

1. d4 Nf6 2. Nf3 e6 3. Bg5 c5 4. e3 Be7 5. Nbd2 b6 6. Bd3 Bb7 7. c3 Nc6 8. 0-0 0-0 9. Re1 cxd4 10. exd4 Nd5 11. Be3 f5 12. Nf1 Bf6 13. Bd2 Qc7 14. Ng3 Nf4 15. Bf1 Ne7 16. Ne5 Nfg6 17. Nd3 Nd5 18. Nh5 Be7 19. f4 Nf6 20. Nxf6+ Bxf6 21. Ne5 Ne7 22. Qa4 Rfd8 23. Bb5 Bxe5 24. fxe5 a6 25. Bf1 h6 26. Re3 Nd5 27. Rh3 d6 28. Re1 dxe5 29. Rxe5 Bc8 30. Qb3 b5 31. Be2 Nf6 32. Rxf5 Ne4 33. Bf4 Qe7 34. Re5 Nf6 35. Qc2 Qf7 36. Bc1 Nd7 37. Bh5 Qe7 38. Ree3 Nf6 39. Bf3 Ra7 40. Qg6 Kf8 41. Re5 Qf7 42. Qc2 Rc7 43. Qb3 Qg6 44. Qb4+ Kf7 45. Re1 Qc2 46. Qa5 Rcd7 47. Rf1 Kg8 48. Rg3 Kh8 49. Bc6 Rd6 50. Qc7 Nh5 51. Rgf3 Kh7 52. Re1 Rxc6 53. Qxc6 Rxd4 54. Rf2 1-0

[Event "Internet Section 18-B"]
[Site "Dos Hermanas"]
[Date "2003.03.19"]
[Round "9"]
[White "Johnson, Leonard J"]
[Black "Khruschiov, Alexey"]
[Result "1/2-1/2"]
[WhiteElo "2322"]
[BlackElo "2434"]
[PlyCount "138"]
[EventDate "2003.03.18"]
[EventType "swiss (blitz)"]
[EventRounds "9"]
[EventCountry "ESP"]
[SourceTitle "EXT 2004"]
[Source "ChessBase"]
[SourceDate "2003.11.25"]
[SourceVersion "1"]
[SourceVersionDate "2003.11.25"]
[SourceQuality "1"]

1. d4 g6 2. Nf3 Bg7 3. c3 Nf6 4. Bg5 0-0 5. Nbd2 d6 6. e4 Nbd7 7. Be2 e5 8. dxe5 Nxe5 9. Nxe5 dxe5 10. Qc2 h6 11. Bh4 Qe7 12. 0-0 b6 13. Nc4 Bb7 14. f3 Rad8 15. Rad1 g5 16. Bf2 Nh5 17. Rfe1 Nf4 18. Bf1 Ba6 19. Ne3 Bxf1 20. Kxf1 Qe6 21. b3 Bf6 22. Nf5 h5 23. g3 Ng6 24. Be3 Ne7 25. g4 hxg4 26. fxg4 Ng6 27. Rxd8 Rxd8 28. Rd1 Qc6 29. Rxd8+ Bxd8 30. Qd3 Bf6 31. c4 Qe8 32. Qd5 c6 33. Qd6 Bd8 34. c5 b5 35. a4 bxa4 36. bxa4 Kh7 37. Bd2 a6 38. Kf2 f6 39. h3 Nf8 40. Bxg5 Ne6 41. Be3 Kg6 42. h4 Kh7 43. h5 Ba5 44. Qe7+ Qxe7 45. Nxe7 Bb4 46. Nxc6 Bxc5 47. Nb8 a5 48. Nc6 Bxe3+ 49. Kxe3 Nc5 50. Nxa5 Nxa4 51. Nc6 Nc5 52. Ne7 Kh6 53. Nf5+ Kg5 54. Kf3 Nd3 55. h6 Kg6 56. Kg3 Nc5 57. Kf3 Ne6 58. Kg3 Ng5 59. Nd6 Kxh6 60. Kh4 Kg6 61. Kg3 Kg7 62. Kh4 Kf8 63. Kh5 Ke7 64. Nf5+ Ke6 65. Ng3 Nh3 66. Kg6 Nf2 67. g5 fxg5 68. Kxg5 Nxe4+ 69. Nxe4 Kd5 1/2-1/2

[Event "Internet Section 18-B"]
[Site "Dos Hermanas"]
[Date "2003.03.18"]
[Round "5"]
[White "Johnson, Leonard J"]
[Black "Hamdouchi, Hicham"]
[Result "1-0"]
[WhiteElo "2322"]
[BlackElo "2615"]
[PlyCount "77"]
[EventDate "2003.03.18"]
[EventType "swiss (blitz)"]
[EventRounds "9"]
[EventCountry "ESP"]
[SourceTitle "EXT 2004"]
[Source "ChessBase"]
[SourceDate "2003.11.25"]
[SourceVersion "1"]
[SourceVersionDate "2003.11.25"]
[SourceQuality "1"]

1. d4 e6 2. Nf3 c5 3. c3 Nf6 4. e3 b6 5. Bd3 Bb7 6. 0-0 d6 7. b3 Nbd7 8. Nbd2 e5 9. dxe5 dxe5 10. Qc2 Be7 11. c4 Qc7 12. Bb2 h6 13. Ne4 Qc6 14. Nxf6+ gxf6 15. Bf5 Rg8 16. e4 Nf8 17. Rad1 Bc8 18. Bxc8 Qxc8 19. Qd3 Ne6 20. Nh4 f5 21. Nxf5 Rxg2+ 22. Kh1 Nf4 23. Qf3 Qc6 24. Bxe5 Ng6 25. Qxg2 Nxe5 26. Qg8+ Bf8 27. Rd5 Ng6 28. Nd6+ Kd7 29. Qxf7+ Ne7 30. Nb5+ Kc8 31. Qxf8+ Kb7 32. Qxe7+ Ka6 33. Nc7+ Ka5 34. Nxa8 Kb4 35. Qd7 Qg6 36. a3+ Kxb3 37. Qb5+ Kc2 38. Qb1+ Kc3 39. Rc1# 1-0

[Event "Internet Section 18-A"]
[Site "Dos Hermanas"]
[Date "2003.03.18"]
[Round "5"]
[White "Szmetan, Jorge"]
[Black "Johnson, Leonard J"]
[Result "1-0"]
[WhiteElo "2408"]
[BlackElo "2322"]
[PlyCount "61"]
[EventDate "2003.03.18"]
[EventType "swiss (blitz)"]
[EventRounds "9"]
[EventCountry "ESP"]
[SourceTitle "EXT 2004"]
[Source "ChessBase"]
[SourceDate "2003.11.25"]
[SourceVersion "1"]
[SourceVersionDate "2003.11.25"]
[SourceQuality "1"]

1. Nf3 Nf6 2. c4 d6 3. g3 e5 4. Bg2 Nc6 5. d4 Be7 6. Nc3 0-0 7. 0-0 Bg4 8. d5 Nb8 9. h3 Bh5 10. Nh4 Re8 11. Nf5 Bf8 12. Qb3 Qc8 13. e4 Nbd7 14. Qc2 a5 15. Rb1 Nc5 16. g4 Bg6 17. Be3 Nfd7 18. b3 f6 19. a3 Bf7 20. b4 axb4 21. axb4 Na6 22. Qd2 c5 23. dxc6 bxc6 24. Nxd6 Bxd6 25. Qxd6 Bxc4 26. Rfc1 Nc7 27. Qxc6 Bd3 28. Nd5 Ra6 29. Qxc7 Bxb1 30. Qxc8 Rxc8 31. Rxc8+ 1-0

[Event "Internet Section 17-B"]
[Site "Dos Hermanas"]
[Date "2003.03.17"]
[Round "7"]
[White "Johnson, Leonard J"]
[Black "Herman, Diego"]
[Result "0-1"]
[WhiteElo "2322"]
[BlackElo "2212"]
[PlyCount "54"]
[EventDate "2003.03.17"]
[EventType "swiss (blitz)"]
[EventRounds "9"]
[EventCountry "ESP"]
[SourceTitle "EXT 2004"]
[Source "ChessBase"]
[SourceDate "2003.11.25"]
[SourceVersion "1"]
[SourceVersionDate "2003.11.25"]
[SourceQuality "1"]

1. d4 g6 2. Nf3 Bg7 3. c3 b6 4. Bg5 Bb7 5. Nbd2 Nf6 6. Qc2 d5 7. e3 Nbd7 8. Be2 0-0 9. 0-0 c5 10. Rad1 Rc8 11. Ne5 cxd4 12. exd4 Ne4 13. Nxd7 Qxd7 14. Be3 f5 15. f3 f4 16. fxe4 fxe3 17. Rxf8+ Rxf8 18. Nf1 Bh6 19. e5 Rf2 20. Qd3 Qa4 21. Nxe3 Rxe2 22. Qxe2 Bxe3+ 23. Kh1 Ba6 24. Qg4 Kg7 25. h4 Qc2 26. Re1 Qf2 27. Rd1 Be2 0-1

[Event "Internet Section 17-B"]
[Site "Dos Hermanas"]
[Date "2003.03.17"]
[Round "4"]
[White "Pupo, Emilio"]
[Black "Johnson, Leonard J"]
[Result "0-1"]
[WhiteElo "2354"]
[BlackElo "2322"]
[PlyCount "94"]
[EventDate "2003.03.17"]
[EventType "swiss (blitz)"]
[EventRounds "9"]
[EventCountry "ESP"]
[SourceTitle "EXT 2004"]
[Source "ChessBase"]
[SourceDate "2003.11.25"]
[SourceVersion "1"]
[SourceVersionDate "2003.11.25"]
[SourceQuality "1"]

1. e4 d5 2. exd5 Qxd5 3. Nc3 Qd6 4. d4 Nf6 5. Nf3 a6 6. g3 e6 7. Bg2 Be7 8. 0-0 0-0 9. Bf4 Qd8 10. Qe2 Nc6 11. Rad1 Nd5 12. Bd2 Bf6 13. Ne4 Bxd4 14. Bg5 Bf6 15. Bxf6 gxf6 16. c4 f5 17. Neg5 Nce7 18. cxd5 Nxd5 19. Nh3 Qf6 20. Qe5 Qxe5 21. Nxe5 c6 22. Bxd5 cxd5 23. Rc1 f6 24. Nd3 Rf7 25. Nhf4 Bd7 26. Rc7 Bb5 27. Rxf7 Kxf7 28. Rd1 Rc8 29. Rc1 Rxc1+ 30. Nxc1 Bc6 31. Nfd3 Ke7 32. f4 Kd6 33. Kf2 Bb5 34. Ke3 b6 35. b3 e5 36. a4 Bc6 37. fxe5+ fxe5 38. Nxe5 Kxe5 39. Nd3+ Kd6 40. Kf4 Bd7 41. Ne5 Be6 42. Nd3 d4 43. b4 Kd5 44. a5 bxa5 45. bxa5 Kc4 46. Ne5+ Kc3 47. Kf3 d3 0-1

[Event "Internet Section 16-B"]
[Site "Dos Hermanas"]
[Date "2003.03.16"]
[Round "5"]
[White "Johnson, Leonard J"]
[Black "Murdzia, Piotr"]
[Result "1-0"]
[WhiteElo "2322"]
[BlackElo "2418"]
[PlyCount "133"]
[EventDate "2003.03.16"]
[EventType "swiss (blitz)"]
[EventRounds "9"]
[EventCountry "ESP"]
[SourceTitle "EXT 2004"]
[Source "ChessBase"]
[SourceDate "2003.11.25"]
[SourceVersion "1"]
[SourceVersionDate "2003.11.25"]
[SourceQuality "1"]

1. d4 Nf6 2. Nf3 g6 3. Bg5 Bg7 4. Nbd2 d5 5. e3 c6 6. Be2 0-0 7. 0-0 Nbd7 8. b4 h6 9. Bh4 Qe8 10. c4 e5 11. b5 cxb5 12. cxb5 e4 13. Ne1 Nb6 14. a4 Bf5 15. Nc2 h5 16. Nb4 Qe6 17. Nb3 Nbd7 18. Rc1 Ng4 19. h3 Nh6 20. Nc5 Nxc5 21. Rxc5 Bxh3 22. Nxd5 Nf5 23. Bg5 b6 24. Nf4 Qe8 25. Rc7 Bg4 26. Bxg4 hxg4 27. Qxg4 a6 28. Nd5 Qe6 29. Ne7+ Nxe7 30. Qxe6 fxe6 31. Rxe7 Rf5 32. Bf4 axb5 33. axb5 Rxb5 34. Rxe6 g5 35. Bg3 Rb2 36. Rc1 b5 37. Rc7 Rb1+ 38. Kh2 Rf8 39. Rxe4 b4 40. Rb7 b3 41. Re6 Rf7 42. Reb6 Rxb7 43. Rxb7 Bf8 44. Be5 b2 45. d5 Ba3 46. Kg3 Rd1 47. Bxb2 Rb1 48. Rb8+ Kf7 49. Be5 Rd1 50. e4 Rd2 51. Rb7+ Ke8 52. Rg7 Be7 53. f3 Kf8 54. Rh7 Kg8 55. Rxe7 Kf8 56. Rg7 g4 57. Rxg4 Kf7 58. Kf4 Kf8 59. Rg7 Rd3 60. g4 Rd2 61. g5 Rg2 62. g6 Rg1 63. Ra7 Ke8 64. g7 Kd8 65. Ra8+ Kd7 66. g8Q Rg5 67. Qe8# 1-0

[Event "Governors Cup op"]
[Site "Sioux Falls"]
[Date "2001.09.22"]
[Round "4"]
[White "Kustar, Sandor"]
[Black "Johnson, Leonard J"]
[Result "1-0"]
[WhiteElo "2409"]
[BlackElo "2303"]
[PlyCount "55"]
[EventDate "2001.09.21"]
[EventType "swiss"]
[EventRounds "5"]
[EventCountry "USA"]
[SourceTitle "CBM 084 Extra"]
[Source "ChessBase"]
[SourceDate "2001.10.26"]
[SourceVersion "1"]
[SourceVersionDate "2001.10.26"]
[SourceQuality "1"]

1. Nf3 Nf6 2. c4 Nc6 3. d4 d5 4. Nc3 e6 5. Bg5 Be7 6. Qc2 0-0 7. e3 b6 8. Rc1 Bb7 9. Be2 Rc8 10. 0-0 Nb4 11. Qb3 dxc4 12. Bxc4 Nbd5 13. Ne5 Nxc3 14. bxc3 Nd5 15. Bxe7 Qxe7 16. Bd3 c5 17. Be4 Nxc3 18. Bxh7+ Kxh7 19. Qxc3 Rfd8 20. f4 g6 21. dxc5 Rxc5 22. Qb2 Rdc8 23. Ng4 f5 24. Ne5 g5 25. Rxc5 Qxc5 26. Qf2 Rg8 27. Qg3 Bxg2 28. fxg5 1-0

[Event "Minnesota Wed Knight"]
[Site "USA"]
[Date "1997.??.??"]
[Round "?"]
[White "Campbell, Brian G"]
[Black "Johnson, Leonard J"]
[Result "1-0"]
[WhiteElo "2180"]
[BlackElo "2255"]
[PlyCount "49"]
[EventDate "1997.??.??"]
[EventType "swiss"]
[EventRounds "9"]
[EventCountry "USA"]
[SourceTitle "EXT 2001"]
[Source "ChessBase"]
[SourceDate "2000.11.22"]
[SourceVersion "1"]
[SourceVersionDate "2000.11.22"]
[SourceQuality "1"]

1. e4 d5 2. exd5 Qxd5 3. Nc3 Qa5 4. d4 Nf6 5. Nf3 Bf5 6. Ne5 c6 7. Bc4 e6 8. 0-0 Nbd7 9. Qe2 Bb4 10. Nxd7 Kxd7 11. Nd1 Bd6 12. Ne3 Bg6 13. Bd2 Qc7 14. h3 Ne4 15. Rad1 Rad8 16. Bb3 Kc8 17. Bc1 Rhe8 18. Nc4 Bh2+ 19. Kh1 f5 20. Qf3 Bf7 21. c3 g5 22. Rde1 Bg6 23. g3 Nxg3+ 24. fxg3 Bxg3 25. Bxg5 1-0

[Event "Minnesota Wed Knight"]
[Site "USA"]
[Date "1997.??.??"]
[Round "?"]
[White "Johnson, Leonard J"]
[Black "Hove, James B"]
[Result "1/2-1/2"]
[WhiteElo "2255"]
[BlackElo "2255"]
[PlyCount "94"]
[EventDate "1997.??.??"]
[EventType "swiss"]
[EventRounds "9"]
[EventCountry "USA"]
[SourceTitle "EXT 2001"]
[Source "ChessBase"]
[SourceDate "2000.11.22"]
[SourceVersion "1"]
[SourceVersionDate "2000.11.22"]
[SourceQuality "1"]

1. e4 c5 2. Nc3 e6 3. Nge2 Nc6 4. g3 Nf6 5. Bg2 Be7 6. 0-0 0-0 7. d4 cxd4 8. Nxd4 Qc7 9. Ndb5 Qb8 10. a4 a6 11. Na3 Rd8 12. Nc4 b5 13. axb5 axb5 14. Rxa8 Qxa8 15. Nxb5 d5 16. Nb6 Qb8 17. Nxc8 Qxc8 18. exd5 Nxd5 19. Qe2 Nb6 20. c3 Na5 21. Rd1 Nb3 22. Bf4 Rxd1+ 23. Qxd1 Qc4 24. Bf1 Qd5 25. Qxd5 exd5 26. Nc7 Bd8 27. Bg2 g5 28. Bd6 Nc4 29. Nb5 Nxb2 30. Bxd5 Na5 31. Bc7 Bxc7 32. Nxc7 Kf8 33. Nb5 Ke7 34. Nd4 Na4 35. Nb5 f5 36. f4 Nb6 37. Bg8 gxf4 38. gxf4 h6 39. Kf2 Kf6 40. Ke3 Nc6 41. Nd4 Ne7 42. Bb3 Nbd5+ 43. Kd2 Nxf4 44. c4 Ke5 45. Kc3 Ne6 46. Nxe6 Kxe6 47. Bd1 Ke5 1/2-1/2

[Event "Yanofsky Memorial op"]
[Site "Winnipeg"]
[Date "1996.??.??"]
[Round "5"]
[White "Baragar, Fletcher"]
[Black "Johnson, Leonard J"]
[Result "1-0"]
[WhiteElo "2305"]
[BlackElo "2255"]
[PlyCount "75"]
[EventDate "1996.??.??"]
[EventType "swiss"]
[EventRounds "5"]
[EventCountry "CAN"]
[SourceTitle "EXT 2001"]
[Source "ChessBase"]
[SourceDate "2000.11.22"]
[SourceVersion "1"]
[SourceVersionDate "2000.11.22"]
[SourceQuality "1"]

1. d4 Nf6 2. c4 c5 3. d5 b5 4. Nf3 g6 5. Qc2 b4 6. e4 d6 7. Be2 Bg7 8. 0-0 0-0 9. h3 Nbd7 10. a3 a5 11. Be3 b3 12. Qd3 Nxe4 13. Qxe4 Bxb2 14. Nbd2 Bxa1 15. Rxa1 a4 16. Qh4 f6 17. Bd3 Rf7 18. Ne4 Nf8 19. Bd2 Bf5 20. Bc3 Bxe4 21. Qxe4 Nd7 22. Re1 Ne5 23. Bb1 Nxf3+ 24. Qxf3 Rb8 25. Bb2 Qa5 26. Qd1 Qa6 27. Qd3 Rg7 28. Re6 Rf8 29. Qe2 Qb7 30. h4 Rff7 31. g4 g5 32. h5 h6 33. Bg6 Rf8 34. Qe4 Kh8 35. f4 Rfg8 36. fxg5 hxg5 37. h6 Rxg6 38. Rxe7 1-0

[Event "Yanofsky Memorial op"]
[Site "Winnipeg"]
[Date "1996.??.??"]
[Round "4"]
[White "Johnson, Leonard J"]
[Black "Langner, David"]
[Result "1-0"]
[WhiteElo "2255"]
[BlackElo "2245"]
[PlyCount "83"]
[EventDate "1996.??.??"]
[EventType "swiss"]
[EventRounds "5"]
[EventCountry "CAN"]
[SourceTitle "EXT 2001"]
[Source "ChessBase"]
[SourceDate "2000.11.22"]
[SourceVersion "1"]
[SourceVersionDate "2000.11.22"]
[SourceQuality "1"]

1. d4 Nf6 2. Nf3 g6 3. Bg5 Bg7 4. Nbd2 d6 5. e4 0-0 6. Be2 h6 7. Bh4 Qe8 8. 0-0 e5 9. dxe5 dxe5 10. Re1 Nc6 11. c3 Nh5 12. Nc4 Nf4 13. Bf1 Bg4 14. Ne3 Qc8 15. h3 Be6 16. Nd2 g5 17. Bg3 Rd8 18. Qc2 Ne7 19. b4 Neg6 20. Nb3 b6 21. a4 h5 22. a5 Qb7 23. a6 Qc6 24. Rad1 Rxd1 25. Rxd1 Qe8 26. Nd5 Rc8 27. c4 c6 28. Ne3 Rd8 29. b5 Rc8 30. Nf5 Bf8 31. Qb2 cxb5 32. cxb5 Rd8 33. Rxd8 Qxd8 34. Qc2 Qd7 35. Ne3 Ne7 36. h4 g4 37. Bc4 Bxc4 38. Qxc4 Nfg6 39. Nc1 Qc8 40. Nd3 Qxc4 41. Nxc4 f6 42. Nxb6 1-0